Transfery Tottenhamu w letnim okienku transferowym 2021/22. - Statystyki

Ogólne statystyki
  • Ten quiz został rozwiązany 48 razy
    45 od ostatniego zresetowania
  • Średni wynik to 3 z 5
Statystyki odpowiedzi
Cena Pozycja Narodowość Poprzedni Klub Piłkarz % Poprawnych
Wypożyczenie Środkowy obrońca Argentyna Atalanta Romero
90%
25,00 mln Prawy obrońca Brazylia Barcelona Emerson
83%
Wypożyczenie Bramkarz Włochy Atalanta Gollini
63%
25,00 mln Lewy napastnik Hiszpania Sevilla Gil
61%
16,90 mln Defensywny pomocnik Senegal Metz Sarr
44%
Nie znaleziono quizów pasujących do podanych kryteriów
Rozkład punktacji
Procent ludzi z każdym wynikiem
Percentyl według liczby udzielonych odpowiedzi
Twoja historia wyników
Nie rozwiązałeś tego quizu od ostatniego zresetowania